| Registos Bibliográficos associados ao registo de autoridade |
|
Etiqueta de registo: 00230nam 2200025 450 001 1680307 003 http://id.bnportugal.gov.pt/bib/catbnp/1680307 100 ## $a20080319d2006 k y0pory0103 ba 101 0# $apor$deng 102 ## $aPT 105 ## $aa m 000yy 106 ## $ar 200 1# $a A 1ª escola de alistados femininos da P.S.P.$bTexto policopiado]$egénero, poder, identidade$fAlexandra Leandro$gorient. Graça Índias Cordeiro 210 #9 $a[Lisboa$cs.n.],$d2006 215 ## $a191, [9] p.$cil.$d30 cm 320 ## $aBibliografia, p. 164-174 328 #0 $bTese mestr.$cAntropologia$eDep. de Antropologia, Instituto Superior de Ciências do Trabalho e da Empresa$d2006 675 ## $a351.74-055.2(=1:469)(043)$vBN$zpor$31339612 675 ## $a316.346(469)(043)$vBN$zpor$31036749 675 ## $a316.42-055.2(=1:469)(043)$vBN$zpor$31329804 675 ## $a316.64-055.2(=1:469)(043)$vBN$zpor$31328545 700 #1 $aLeandro,$bMaria Alexandra Gomes M.$31321100 702 #1 $aCordeiro,$bGraça Índias,$f1960-$4727$350387 712 02 $aInstituto Superior de Ciências do Trabalho e da Empresa.$bDepartamento de Antropologia$4295$31289458 801 #0 $aPT$bBN$gRPC 966 ## $lBN$mFGMON$sS.C. 112341 V.$x1
Etiqueta de registo: 00000nam 2200025 450 001 1884435 003 http://id.bnportugal.gov.pt/bib/catbnp/1884435 100 ## $a20140924d2013 k y0pory01030103ba 101 0# $apor$deng 102 ## $aPT 105 ## $aa m 000yy 106 ## $ar 200 1# $aLimites, desordens e mediações$e uma etnografia em espaço escolar$fAlexandra Leandro$gorient. Graça Índias Cordeiro 210 #9 $aLisboa$c[s.n.],$d2013 215 ## $a303 p.$cil.$d30 cm 320 ## $aBibliografia, p. 269-292 328 #1 $aTese doutoramento Antropologia, ISCTE-Instituto Universitário de Lisboa, 2013 675 ## $a316.74(469)(043)$vBN$zpor$31335832 675 ## $a316.61(469)(043)$vBN$zpor$31019102 675 ## $a316.47(469)(043)$vBN$zpor$3936989 675 ## $a37.064(469)(043)$vBN$zpor$31237503 700 #1 $aLeandro,$bMaria Alexandra Gomes M.$31321100 702 #1 $aCordeiro,$bGraça Índias,$f1960-$4727$350387 801 #0 $aPT$bBN$gRPC 966 ## $lBN$mFGMON$sS.C. 139340 V.$x1
Etiqueta de registo: 00254nam 2200025 450 001 2213801 003 http://id.bnportugal.gov.pt/bib/catbnp/2213801 010 ## $a972-96007-9-1 021 ## $aPT$b144846/99 100 ## $a20250508d1999 m a0pory01030103ba 101 0# $apor 102 ## $aPT 105 ## $aa z 000yy 106 ## $ar 200 1# $aPortugal e defesa nacional$fcoord. Alexandra Leandro 210 #9 $a[Lisboa]$cMinistério da Defesa Nacional,$d1999 215 ## $a207 p.$cil.$d27 cm 702 #1 $aLeandro,$bMaria Alexandra Gomes M.$4340$31321100 801 #0 $aPT$bBN$gRPC 966 ## $lBN$mFGMON$x3 971 ## $casantos$d20250508
Etiqueta de registo: 00254nam 2200025 450 001 2285397 003 http://id.bnportugal.gov.pt/bib/catbnp/2285397 010 ## $a9789725411636 021 ## $aPT$b557485/25 100 ## $a20260428d2025 k y0pory01030103ba 101 0# $apor 102 ## $aPT 105 ## $aa z 000yy 106 ## $ar 200 1# $aDesporto, sociabilidades e comunidades$fAlexandra Leandro... [et al.]$gcoord. Inês Espada Vieira, Alfredo Teixeira 210 #9 $aLisboa$cUniversidade Católica Editora,$d2025 215 ## $a179 p.$d23 cm 225 2# $aCátedra Manuel Sérgio - Desporto, Ética e Transcendência 701 #1 $aLeandro,$bMaria Alexandra Gomes M.$4070$31321100 702 #1 $aVieira,$bInês Espada,$f1975-$4340$31272151 702 #1 $aTeixeira,$bAlfredo,$f1965-$4340$3157270 801 #0 $aPT$bBN$gRPC 966 ## $lBN$mFGMON$x1 966 ## $lBN$mFGMON$x1 971 ## $cssilva$d20260428
|
|
|